Benchmarking farm enterprises (Record no. 74788)
[ view plain ]
| 000 -LEADER | |
|---|---|
| fixed length control field | 01437cab a2200229 4500 |
| 001 - CONTROL NUMBER | |
| control field | ABS68776 |
| 008 - FIXED-LENGTH DATA ELEMENTS--GENERAL INFORMATION | |
| fixed length control field | 050214n2005 000 0 eng u |
| 035 ## - SYSTEM CONTROL NUMBER | |
| System control number | (Sirsi) u128756 |
| 100 ## - MAIN ENTRY--PERSONAL NAME | |
| Personal name | Franks, J. |
| 245 ## - TITLE STATEMENT | |
| Title | Benchmarking farm enterprises |
| 260 ## - PUBLICATION, DISTRIBUTION, ETC. | |
| Date of publication, distribution, etc. | 2005 |
| 490 ## - SERIES STATEMENT | |
| Series statement | Journal of Farm Management |
| Volume/sequential designation | 12(3) January 2005, 143-158(16) |
| 520 ## - SUMMARY, ETC. | |
| Summary, etc. | Examines traditional farm and farm enterprise benchmarking and provides guidance on how to benchmark including 11 steps to effective benchmarking. Discusses partial, horizontal and vertical benchmarking in the context of increasing the use of benchmarking as a management tool and refers to the recent application of benchmarking to other aspects of farm production such as energy efficiency. Argues in conclusion that more farmers would benchmark their farm and farm enterprise performance if the likelihood of a positive payback to the costs incurred was increased and suggests several areas in which benchmarking can be expanded including an international dimension. Tables cover the 11 steps to effective benchmarking, comparisons of milk data collecting and reporting and the comparison of data collection methodology. References. Biographical notes. |
| 590 ## - LOCAL NOTE (RLIN) | |
| Local note | ABS |
| 650 ## - SUBJECT ADDED ENTRY--TOPICAL TERM | |
| Topical term or geographic name entry element | FARM MANAGEMENT |
| 650 ## - SUBJECT ADDED ENTRY--TOPICAL TERM | |
| Topical term or geographic name entry element | BENCHMARKING |
| 650 ## - SUBJECT ADDED ENTRY--TOPICAL TERM | |
| Topical term or geographic name entry element | FARMS |
| 650 ## - SUBJECT ADDED ENTRY--TOPICAL TERM | |
| Topical term or geographic name entry element | PERFORMANCE STANDARDS |
| 690 ## - LOCAL SUBJECT ADDED ENTRY--TOPICAL TERM (OCLC, RLIN) | |
| Topical term or geographic name as entry element | RURAL-FARM BUSINESS MANAGEMENT |
| 700 ## - ADDED ENTRY--PERSONAL NAME | |
| Personal name | Haverty, M. |
| 942 ## - ADDED ENTRY ELEMENTS (KOHA) | |
| Suppress in OPAC | 0 |
| Withdrawn status | Lost status | Source of classification or shelving scheme | Damaged status | Not for loan | Home library | Current library | Shelving location | Date acquired | Total Checkouts | Full call number | Barcode | Date last seen | Copy number | Price effective from | Koha item type |
|---|---|---|---|---|---|---|---|---|---|---|---|---|---|---|---|
| Dewey Decimal Classification | London | London | Journal article | 14/02/2005 | ABS68776 | 128756-1001 | 06/08/2019 | 1 | 06/08/2019 | Journal article |